Generation 4 Pokémon-Sudden Death - Statistics

General Stats
  • This quiz has been taken 38 times
  • The average score is 10 of 15
Answers on the Grid
Answers color-coded by a green-red scale on the quiz's grid according to % correct below.
Mawile
Weavile
Happiny
Corphish
Togetic
Golbat
Turtwig
Clamperl
Gastrodon
Mamoswine
Piloswine
Wurmple
Cranidos
Shieldon
Espeon
Monferno
Celebi
Ambipom
Buizel
Klink
Abomasnow
Gulpin
Torkoal
Mothim
Purugly
Ninjask
Croagunk
Barboach
Tyranitar
Skorupi
 
Answer Stats
Answer % Correct
Happiny
79%
Croagunk
76%
Gastrodon
76%
Turtwig
76%
Cranidos
72%
Monferno
72%
Weavile
72%
Abomasnow
69%
Shieldon
69%
Skorupi
69%
Buizel
66%
Mamoswine
66%
Purugly
66%
Ambipom
62%
Mothim
55%
No matching quizzes found
Score Distribution
Percent of People with Each Score
Percentile by Number Answered
Your Score History
You have not taken this quiz